[Event "Martigny op"]
[Site "Martigny"]
[Date "1988.??.??"]
[Round "5"]
[White "Vezzosi, Paolo"]
[Black "Gerber, Richard"]
[Result "1-0"]
[WhiteElo "2270"]
[BlackElo "2355"]

1.d4 Nf6 2.Nf3 g6 3.c4 Bg7 4.Nc3 O-O 5.e4 d6 6.Be2 Nbd7 7.O-O e5 8.Re1 c6
9.Bf1 h6 10.Rb1 Re8 11.d5 c5 12.a3 Rf8 13.b4 Ne8 14.Nd2 f5 15.Nb3 b6 16.bxc5 Nxc5
17.Nxc5 bxc5 18.Qa4 Rf7 19.Bd2 Bf8 20.Rb2 Nf6 21.f3 f4 22.Reb1 Be7 23.Qc6 Bd7
24.Qa6 Rf8 25.Nb5 Qc8 26.Qxc8 Rfxc8 27.Ba5 Ne8 28.Be2 Bd8 29.Bxd8 Rxd8 30.Nc3 Nc7
31.Bd1 Kf8 32.Rb7 Rdc8 33.Ba4 Bxa4 34.Nxa4 Ke8 35.Nc3 Kd8 36.g3 g5 37.gxf4 gxf4
38.Kf2 Ne8 39.Nb5 a6 40.Na7 Rc7 41.Nc6+ Kd7 42.R7b6 Nf6 43.Nxe5+  1-0

[Event "Mazatlan rapid"]
[Site "Mazatlan"]
[Date "1988.??.??"]
[Round "?"]
[White "Karpov, Anatoly"]
[Black "Ehlvest, Jaan"]
[Result "1/2-1/2"]
[WhiteElo "2715"]
[BlackElo "2585"]

1.c4 g6 2.d4 Bg7 3.Nc3 Nf6 4.e4 d6 5.Nf3 O-O 6.Be2 e5 7.O-O Na6 8.Re1 c6
9.Bf1 Qe7 10.Rb1 Bg4 11.Be3 exd4 12.Bxd4 Nc5 13.e5 Nh5 14.b4 Na6 15.exd6 Qxd6
16.c5 Bxf3 17.cxd6 Bxd1 18.Bxg7 Kxg7 19.Bxa6 bxa6 20.Rexd1 Rfd8 21.Rbc1 Rac8
22.Ne4 Nf4 23.Kf1 Nd5 24.a3 f5 25.Nc3 Nb6 26.Ne2 Kf6 27.Rc5 Nd5 28.Nc3 Nxc3
29.Rxc3 a5 30.bxa5 c5 31.Rc4 Rc6 32.d7  1/2-1/2

[Event "Mazatlan rapid"]
[Site "Mazatlan"]
[Date "1988.??.??"]
[Round "?"]
[White "Karpov, Anatoly"]
[Black "Ehlvest, Jaan"]
[Result "1-0"]
[WhiteElo "2715"]
[BlackElo "2585"]

1.c4 g6 2.d4 Bg7 3.Nc3 d6 4.e4 Nf6 5.Nf3 O-O 6.Be2 e5 7.O-O Na6 8.Re1 c6
9.Bf1 Qe7 10.h3 Re8 11.Be3 Bd7 12.c5 exd4 13.cxd6 Qxd6 14.e5 Qc7 15.exf6 dxe3
16.fxg7 exf2+ 17.Kxf2 Rxe1 18.Qxe1 Qb6+ 19.Kg3 Qxb2 20.Bxa6 bxa6 21.Rb1 Qa3
22.Qe5 Re8 23.Qd4 Bf5 24.Rb7 c5 25.Qf6 Be6 26.Ng5 c4 27.Nxf7  1-0

[Event "Moscow-ch"]
[Site "Moscow"]
[Date "1988.??.??"]
[Round "?"]
[White "Yanvarjov, Igor"]
[Black "Gavrilov, Alexei"]
[Result "1-0"]
[WhiteElo "2325"]
[BlackElo "2405"]

1.d4 Nf6 2.c4 g6 3.Nc3 Bg7 4.e4 d6 5.Nf3 O-O 6.Be2 e5 7.d5 a5 8.Bg5 h6 9.Bh4 Na6
10.Nd2 Bd7 11.O-O Qe8 12.Nb5 Nh7 13.a3 h5 14.f3 Bh6 15.Qc2 a4 16.Rad1 Be3+
17.Kh1 g5 18.Be1 Bxb5 19.cxb5 Nc5 20.Nc4 Bd4 21.b6 Qd8 22.f4 gxf4 23.Bxh5 Nb3
24.Bg4 Bc5 25.g3 Nd4 26.Qg2 f5 27.exf5 fxg3 28.Bxg3 Qg5 29.Nxe5 dxe5 30.Bxe5 Nb5
31.f6 Bd6 32.Rf5 Qg6 33.Rh5 Kh8 34.Bf5 Qxg2+ 35.Kxg2 Rf7 36.bxc7 Bxe5 37.c8=Q+ Rxc8
38.Bxc8 Bxf6 39.d6 Na7 40.d7 Nc6 41.Bxb7 Nd8 42.Be4 Rg7+ 43.Kh1 Bxb2 44.Rd3 Kg8
45.Bxh7+ Rxh7 46.Rxh7 Kxh7 47.Rg3 Bc1 48.Kg2 Bb2 49.h3 Nc6 50.Kf1 Kh6 51.Rg8 Bf6
52.Ra8 Kg7 53.Rxa4 Kf7 54.Ra6 Nd8 55.Ke2 Ke7 56.Kd3 Ne6 57.d8=Q+ Nxd8 58.Ke4 Nf7
59.Kf5 Bd4 60.h4 Kd7 61.h5 Kc7 62.h6 Kb7 63.Rg6 Nxh6+ 64.Rxh6 Bc5 65.a4 Bb6
66.Ke4 Ka6 67.Rh5 Bf2 68.Rb5 Bg1 69.Kd5 Bf2 70.Kc6 Be3 71.Rb8 Ka7 72.Re8 Bf2
73.Kb5 Kb7 74.Re7+ Ka8 75.Ka6 Kb8 76.Rf7 Bd4 77.Rf4 Be3 78.Rf3 Bd4 79.Rb3+ Ka8
80.Rb7 Bf2 81.a5 Bd4 82.Rd7 Bf6 83.Rf7 Be5 84.Rf8+ Bb8 85.Kb5 Ka7 86.Rf7+ Ka8
87.Kb6 Be5 88.Ra7+ Kb8 89.Rd7 Kc8 90.Rb7  1-0

[Event "Moscow-B"]
[Site "Moscow"]
[Date "1988.??.??"]
[Round "?"]
[White "Thorsteins, Karl"]
[Black "Kochyev, Alexander"]
[Result "0-1"]
[WhiteElo "2430"]
[BlackElo "2480"]

1.d4 Nf6 2.c4 g6 3.Nc3 Bg7 4.e4 d6 5.Nf3 O-O 6.Be2 e5 7.O-O Nbd7 8.Qc2 c6
9.d5 a5 10.Bd2 Nc5 11.b3 cxd5 12.cxd5 Bd7 13.a3 Qc7 14.Rac1 Rfc8 15.Qb1 a4
16.bxa4 Bxa4 17.Qb4 Qa5 18.Qb1 Bd7 19.Be3 Ng4 20.Bxc5 Rxc5 21.Qxb7 Rc7 22.Qb2 Bh6
23.Nd2 Qxa3 24.Qxa3 Rxa3 25.Ncb1 Rxc1 26.Rxc1 Ra1 27.Rf1 Ra2 28.Bxg4 Bxg4
29.Nf3 Bd7 30.Nc3 Rc2 31.Nb1 Bb5 32.Re1 Bd3 33.g3 Kg7 34.h4 f5 35.exf5 gxf5
36.Ng5 Bxg5 37.hxg5 Kg6 38.Rd1 e4 39.Nd2 Be2  0-1

[Event "Moscow-B"]
[Site "Moscow"]
[Date "1988.??.??"]
[Round "?"]
[White "Pavlovic, Milos"]
[Black "Zaitsev, Igor A"]
[Result "1-0"]
[WhiteElo "2390"]
[BlackElo "2395"]

1.d4 Nf6 2.c4 g6 3.Nc3 Bg7 4.e4 d6 5.Be2 Nbd7 6.Nf3 e5 7.O-O O-O 8.Be3 h6
9.d5 Ng4 10.Bd2 f5 11.g3 Nc5 12.Nh4 Qe8 13.b4 Na6 14.exf5 gxf5 15.Bxg4 fxg4
16.Ne4 Bd7 17.Qe2 Qh5 18.c5 Qf7 19.Rad1 dxc5 20.bxc5 Rad8 21.Be3 Bc8 22.Qc4 Nb8
23.Qb3 a5 24.Rd2 a4 25.Qd1 Nd7 26.f3 gxf3 27.Rxf3 Qe8 28.Rxf8+ Nxf8 29.Bxh6 Nh7
30.Bxg7 Kxg7 31.d6 Qc6 32.Rd5 cxd6 33.Nxd6 Rf8 34.Rxe5 Bh3 35.Nhf5+ Kh8 36.Qd2 Qa6
37.Re1 Bxf5 38.Qd4+ Kg8 39.Re7 Rf6 40.Ne8 Qb5 41.Rg7+ Kf8 42.Qd8  1-0

[Event "URS-ch sf"]
[Site "Moscow"]
[Date "1988.??.??"]
[Round "12"]
[White "Ageichenko, Genadi A"]
[Black "Kuzmin, Alexey"]
[Result "0-1"]
[WhiteElo "2385"]
[BlackElo "2415"]

1.d4 Nf6 2.c4 g6 3.Nc3 Bg7 4.e4 d6 5.Nf3 O-O 6.Be2 e5 7.dxe5 dxe5 8.Qxd8 Rxd8
9.Bg5 Re8 10.Nd5 Nxd5 11.cxd5 c6 12.Bc4 cxd5 13.Bxd5 Nd7 14.Nd2 Nc5 15.Ke2 Ne6
16.Bxe6 Bxe6 17.Rhc1 Rec8 18.b3 b5 19.a4 Rxc1 20.Rxc1 bxa4 21.bxa4 Bd7 22.a5 Bb5+
23.Ke3 a6 24.f4 Bf8 25.Rc7 Bb4 26.Nb3 Re8  0-1

[Event "URS-ch sf"]
[Site "Moscow"]
[Date "1988.??.??"]
[Round "12"]
[White "Naumkin, Igor"]
[Black "Arbakov, Valentin"]
[Result "1/2-1/2"]
[WhiteElo "2485"]
[BlackElo "2400"]

1.d4 Nf6 2.c4 g6 3.Nc3 Bg7 4.e4 d6 5.Nf3 O-O 6.Be2 Nbd7 7.O-O e5 8.Be3 Qe8
9.dxe5 dxe5 10.Nd2 c6 11.c5 Qe7 12.b4 b6 13.cxb6 axb6 14.Qb3 Ba6 15.Bxa6 Rxa6
16.b5 Ra3 17.Qb2 cxb5 18.Nxb5 Ra4 19.Nc3 Raa8 20.a4 Rfc8 21.Rfc1 Nc5 22.Bxc5 Rxc5
23.Qxb6 Bh6 24.Qb2 Rac8 25.Nd5 Nxd5 26.exd5 Rxc1+ 27.Rxc1 Rd8 28.Re1 Rxd5
29.Nc4 Bg7 30.g3 h5 31.a5  1/2-1/2

[Event "URS-ch sf"]
[Site "Moscow"]
[Date "1988.??.??"]
[Round "14"]
[White "Yanvarjov, Igor"]
[Black "Kuzmin, Alexey"]
[Result "0-1"]
[WhiteElo "2325"]
[BlackElo "2415"]

1.d4 Nf6 2.c4 g6 3.Nc3 Bg7 4.e4 d6 5.Nf3 O-O 6.Be2 e5 7.d5 Na6 8.O-O Nc5
9.Bg5 h6 10.Bxf6 Qxf6 11.b4 Nd7 12.Qb3 Qe7 13.Rac1 h5 14.Ne1 Bh6 15.Rc2 h4
16.Nd3 f5 17.c5 Kh8 18.Qc4 h3 19.exf5 hxg2 20.Re1 gxf5 21.Bd1 Rf7 22.Rce2 Qf6
23.f3 Nf8 24.Rxg2 Ng6 25.Kh1 Bd7 26.c6 bxc6 27.dxc6 Be6 28.Nd5 Ne7 29.Nxf6 Bxc4
30.Nb2 Bxa2 31.Na4 Bc4 32.Nh5 Rb8 33.f4 Bd5 34.Nc3 Bxc6 35.Bb3 Rh7 36.fxe5 Bd2
37.Re2 Bxc3 38.exd6 cxd6 39.Nf4 Be5  0-1

[Event "URS-chT"]
[Site "Naberezhnie Chelni"]
[Date "1988.??.??"]
[Round "?"]
[White "Neverov, Valeriy"]
[Black "Timoshchenko, Gennadi A"]
[Result "1-0"]
[WhiteElo "2440"]
[BlackElo "2455"]

1.d4 Nf6 2.c4 g6 3.Nc3 Bg7 4.e4 d6 5.Nf3 O-O 6.Be2 e5 7.O-O Na6 8.Re1 exd4
9.Nxd4 Nc5 10.f3 c6 11.Be3 Re8 12.Qd2 a5 13.Rad1 Nfd7 14.Nb3 Nxb3 15.axb3 Re6
16.Na4 Qc7 17.Kh1 b6 18.Bf1 Bb7 19.Bf4 Bf8 20.c5 bxc5 21.Bc4 Rf6 22.Bg5 d5
23.exd5 cxd5 24.Bxd5 Rf5 25.Bxb7 Qxb7 26.Qxd7 Qxd7 27.Rxd7 Rxg5 28.g4 Bg7
29.Nb6 Rb8 30.Nc4 Bd4 31.Kg2 f6 32.Ree7 h5 33.h4 Re5 34.Nxe5 Bxe5 35.Rg7+ Kf8
36.Rdf7+ Ke8 37.Ra7 Kf8 38.f4 Bxb2 39.f5 gxf5 40.gxh5 Bc1 41.Rh7  1-0

[Event "New York op"]
[Site "New York"]
[Date "1988.??.??"]
[Round "?"]
[White "Santa, Luis A"]
[Black "Strikovic, Aleksa"]
[Result "0-1"]
[WhiteElo "2215"]
[BlackElo "2450"]

1.d4 Nf6 2.c4 g6 3.Nc3 Bg7 4.e4 d6 5.Nf3 O-O 6.Be2 e5 7.d5 a5 8.Bg5 h6 9.Bh4 Na6
10.Nd2 Qe8 11.O-O Bd7 12.b3 Nh7 13.f3 h5 14.a3 Bh6 15.Bf2 Qe7 16.Qc2 h4 17.Rab1 Bf4
18.Rfd1 Qg5 19.Bf1 Nf6 20.b4 axb4 21.axb4 Nh5 22.c5 dxc5 23.bxc5 Nxc5 24.Bxc5 Be3+
25.Bxe3 Qxe3+ 26.Kh1 Ng3+ 27.hxg3 hxg3  0-1

[Event "New York op"]
[Site "New York"]
[Date "1988.??.??"]
[Round "?"]
[White "Fedorowicz, John P"]
[Black "Strikovic, Aleksa"]
[Result "1/2-1/2"]
[WhiteElo "2560"]
[BlackElo "2450"]

1.d4 Nf6 2.c4 g6 3.Nc3 Bg7 4.e4 d6 5.Be2 O-O 6.Nf3 e5 7.O-O exd4 8.Nxd4 Re8
9.f3 c6 10.Kh1 Nbd7 11.Bg5 Qa5 12.Bf4 Ne5 13.Qd2 a6 14.Rfd1 Be6 15.Nxe6 Rxe6
16.a3 b5 17.b4 Qc7 18.cxb5 axb5 19.a4 bxa4 20.Rxa4 Rxa4 21.Nxa4 d5 22.Nc3 dxe4
23.Nxe4  1/2-1/2

[Event "New York op"]
[Site "New York"]
[Date "1988.??.??"]
[Round "?"]
[White "Damljanovic, Branko"]
[Black "Strikovic, Aleksa"]
[Result "1/2-1/2"]
[WhiteElo "2525"]
[BlackElo "2450"]

1.d4 Nf6 2.Nf3 g6 3.c4 Bg7 4.Nc3 O-O 5.e4 d6 6.Be2 e5 7.O-O exd4 8.Nxd4 Re8
9.f3 c6 10.Kh1 Nbd7 11.Bg5 Qb6 12.Nb3 a5 13.Qd2 a4 14.Be3 Qc7 15.Nd4 Qa5
16.Nc2 d5 17.b4 Qd8 18.exd5 cxd5 19.c5 Ne5 20.Rad1 Be6 21.Nd4 Nc4 22.Bxc4 dxc4
23.Bh6 Bh8 24.Qc2 Nd5 25.Nxe6 fxe6 26.Ne4 c3 27.a3 b6 28.Bg5 Qc7 29.Rfe1 bxc5
30.Nxc5 Qf7 31.Qe2 Qf5 32.h4 c2 33.Rc1 Bc3 34.Rf1 Bb2 35.Rxc2 Bxa3 36.b5 Bxc5
37.Rxc5 a3 38.Rcc1 Nf4 39.Qa2 Nd3 40.Rb1 Reb8 41.b6 Qd5 42.Qxd5 exd5 43.Bf6 Ra6
44.Rb3 Nc5 45.Rb5 Nd7 46.Bd4 Nxb6 47.Ra1 Nd7 48.Rxd5 Nf8 49.Ra2 Rb1+ 50.Kh2 Rd1
51.Rd8 Rd3 52.Bf6 Rxd8 53.Bxd8 Ne6 54.Be7 Ra7 55.Bd6 Ra6 56.Bxa3 Nd4 57.Rd2  1/2-1/2

[Event "SWE-ch"]
[Site "Norrkoeping"]
[Date "1988.??.??"]
[Round "?"]
[White "Renman, Nils Gustaf"]
[Black "Andersson, B."]
[Result "0-1"]
[WhiteElo "2425"]
[BlackElo "2320"]

1.d4 Nf6 2.Nf3 g6 3.c4 Bg7 4.Nc3 O-O 5.e4 d6 6.Be3 e5 7.Be2 Nbd7 8.O-O h6
9.dxe5 dxe5 10.Nd2 Nh7 11.Qc2 Ng5 12.Rfd1 Ne6 13.Nb3 c6 14.c5 Qe7 15.Rd2 Re8
16.Rad1 Bf8 17.Na4 Nf6 18.g3 Ng5 19.f3 Nh5 20.Na5 Bh3 21.Rd6 Qc7 22.b4 Bc8
23.Nc4 Qe7 24.Qd2 Bg7 25.Nab2 Kh7 26.Rd3 Be6 27.Nd6 Rf8 28.Nbc4 f5 29.exf5 gxf5
30.Nxe5 f4 31.gxf4 Nxf4 32.Bxf4 Rxf4 33.Re3 Nh3+ 34.Kf1 Qg5 35.Bd3+ Kg8 36.Qg2 Bxe5
37.Qxg5+ Nxg5 38.Rxe5 Rxf3+ 39.Ke2 Bg4  0-1

[Event "SWE-ch"]
[Site "Norrkoeping"]
[Date "1988.??.??"]
[Round "?"]
[White "Akesson, Ralf"]
[Black "Andersson, B."]
[Result "0-1"]
[WhiteElo "2445"]
[BlackElo "2320"]

1.d4 Nf6 2.c4 g6 3.Nc3 Bg7 4.e4 d6 5.Nf3 O-O 6.Be2 Nbd7 7.O-O e5 8.Qc2 c6
9.Rd1 exd4 10.Nxd4 Qe7 11.Bg5 Nc5 12.f3 Re8 13.Rd2 Qf8 14.b4 Ne6 15.Nxe6 Bxe6
16.Rad1 a5 17.b5 Rad8 18.bxc6 bxc6 19.Na4 Bc8 20.Bf4 d5 21.cxd5 cxd5 22.Bc7 Rd7
23.Nb6 Bh6 24.Rd3 Rxc7 25.Qxc7 Ba6 26.f4 Bxd3 27.Bxd3 Qb4 28.Qc6 Qd4+ 29.Kh1 Bxf4
30.g3 dxe4 31.Bc2 Qf2 32.Bxe4 Rxe4 33.Qc3 Re2  0-1

[Event "SWE-ch"]
[Site "Norrkoeping"]
[Date "1988.??.??"]
[Round "?"]
[White "Ornstein, Axel"]
[Black "Hartman, Christer"]
[Result "1-0"]
[WhiteElo "2430"]
[BlackElo "2310"]

1.d4 Nf6 2.c4 g6 3.Nc3 Bg7 4.e4 d6 5.Nf3 O-O 6.Be2 e5 7.Bg5 Nbd7 8.Qd2 a6
9.O-O Qe8 10.dxe5 Nxe5 11.Rfe1 Bd7 12.Rad1 Bc6 13.Nxe5 Qxe5 14.Bf1 Ng4 15.Bf4 Bh6
16.Bxe5 Bxd2 17.Rxd2 Nxe5 18.b4 b6 19.f4 Ng4 20.h3 Nf6 21.e5 Ne8 22.Nd5 Bxd5
23.cxd5 f6 24.e6 f5 25.Rc1 Kg7 26.Rd3 Kf6 27.Ra3 c5 28.Rxa6 Rxa6 29.Bxa6 Nc7
30.Bb7 Rb8 31.Bc6 cxb4 32.Rc4 Na6 33.Bb5 Nc5 34.Rxb4 h6 35.Bc6 g5 36.fxg5+ hxg5
37.a4 Na6 38.Rb1 Ke7 39.Kf2 Kd8 40.Kf3 Ke7 41.g3 Kf6 42.g4 Nc7 43.gxf5 Kxf5
44.Kg3 Kg6 45.a5 b5 46.e7 Kf7 47.Re1 Re8 48.Rf1+  1-0

[Event "Novi Sad op"]
[Site "Novi Sad"]
[Date "1988.??.??"]
[Round "10"]
[White "Zlotnik, Boris A"]
[Black "Brujic, Bozidar"]
[Result "1-0"]
[WhiteElo "2430"]
[BlackElo "2255"]

1.d4 Nf6 2.c4 g6 3.Nc3 Bg7 4.e4 O-O 5.Nf3 c6 6.Be2 d6 7.O-O e5 8.d5 c5 9.a3 Nh5
10.g3 Bh3 11.Re1 Bg4 12.b4 Na6 13.Rb1 Qd7 14.Bd2 b6 15.bxc5 Nxc5 16.Nxe5 Bxe2
17.Nxd7 Bxd1 18.Nxc5 Bg4 19.Nb7 Be5 20.f4 Bd4+ 21.Kg2 Bc5 22.Nxc5 bxc5 23.f5  1-0

[Event "Paris-ch"]
[Site "Paris"]
[Date "1988.??.??"]
[Round "6"]
[White "Cebalo, Miso"]
[Black "Murrey, Jacob"]
[Result "0-1"]
[WhiteElo "2515"]
[BlackElo "2535"]

1.d4 Nf6 2.Nf3 d6 3.c4 g6 4.Nc3 Bg7 5.e4 O-O 6.Be2 e5 7.d5 Nh5 8.g3 Nf6 9.h3 c6
10.Be3 a6 11.a3 cxd5 12.cxd5 b5 13.Nd2 Nbd7 14.b4 Nb6 15.Nb3 Bd7 16.Na5 Rc8
17.Rc1 Rxc3 18.Rxc3 Nxe4 19.Rc1 Na4 20.Nc6 Qe8 21.Bd3 Nec3 22.Qb3 Bxc6 23.dxc6 Qxc6
24.O-O e4 25.Bb1 Ne2+ 26.Kh2 Nxc1 27.Rxc1 Nc3 28.Bd2 Rc8 29.Bxc3 Bxc3 30.Ba2 Rc7
31.Qd5 Qe8 32.Qxd6 Be5 33.Qd1 Qd7 34.Qe1 Rxc1 35.Qxc1 Qd4 36.Kg2 Qd3 37.Qe3 Qxe3
38.fxe3 Bb2 39.Bd5 Bxa3 40.Bb7 Bxb4 41.Bxa6 Bc5 42.Bxb5 Bxe3 43.g4 Kg7 44.Bc6 f5
45.h4 Kf6 46.h5 Ke5 47.hxg6 hxg6 48.gxf5 gxf5 49.Be8 f4 50.Bh5 Bc5 51.Bg4 Kd4
52.Be2 Ke3 53.Ba6 Bd6 54.Kf1 f3 55.Ke1 Bb4+ 56.Kf1 Kf4  0-1

[Event "Paris-ch"]
[Site "Paris"]
[Date "1988.??.??"]
[Round "9"]
[White "Blees, Albert"]
[Black "Apicella, Manuel"]
[Result "1/2-1/2"]
[WhiteElo "2390"]
[BlackElo "2355"]

1.d4 Nf6 2.c4 g6 3.Nc3 Bg7 4.e4 d6 5.Nf3 O-O 6.Be2 e5 7.O-O Nbd7 8.Qc2 c6
9.Rd1 exd4 10.Nxd4 Re8 11.Bg5 h6 12.Bh4 Qb6 13.Nb3  1/2-1/2

[Event "Pau op"]
[Site "Pau"]
[Date "1988.??.??"]
[Round "5"]
[White "Grassi, Enrico"]
[Black "Graf, Juergen"]
[Result "0-1"]
[WhiteElo "2210"]
[BlackElo "2405"]

1.Nf3 Nf6 2.c4 g6 3.Nc3 Bg7 4.e4 O-O 5.d4 d6 6.Be2 e5 7.Bg5 h6 8.Be3 Nbd7
9.O-O Ng4 10.Bc1 c6 11.d5 c5 12.Ne1 Ngf6 13.a3 Ne8 14.Bd2 f5 15.exf5 gxf5
16.f4 Qe7 17.g3 exf4 18.Bxf4 Ne5 19.Ng2 Nf6 20.Qd2 Kh7 21.Rae1 Ne4 22.Nxe4 fxe4
23.Qc2 Kg8 24.Qxe4 Bh3 25.Bd1 Qf6 26.Bc2 Bf5 27.Qxf5 Qxf5 28.Bxf5 Rxf5 29.Ne3 Rf7
30.Bxe5 Bxe5 31.Rxf7 Kxf7 32.Ng4 Bxb2 33.Nxh6+ Kf8 34.a4 b6 35.Re6 Be5 36.Ng4 Bd4+
37.Kg2 Rd8 38.Nh6 Rd7 39.g4 a6 40.Nf5 Be5 41.h4 b5 42.cxb5 axb5 43.axb5 c4
44.b6 c3 45.Rxe5 dxe5 46.Ne3 Rb7 47.Kf3 Rxb6 48.Ke4 Rf6 49.h5 Rf2 50.Kd3 Rf3
51.Ke2 Rh3 52.d6 e4 53.h6 Rxh6 54.Nf5 Rh2+ 55.Kd1 Rd2+ 56.Kc1 Kf7 57.d7 Rxd7
58.Kc2 Rd3  0-1

[Event "World op"]
[Site "Philadelphia"]
[Date "1988.??.??"]
[Round "?"]
[White "Gurevich, Dmitry"]
[Black "Brooks, Michael A"]
[Result "1/2-1/2"]
[WhiteElo "2475"]
[BlackElo "2345"]

1.d4 Nf6 2.c4 g6 3.Nc3 Bg7 4.e4 d6 5.Nf3 O-O 6.Be2 Nbd7 7.O-O e5 8.Be3 c6
9.d5 cxd5 10.cxd5 Ng4 11.Bg5 f6 12.Bd2 Nh6 13.Qc1 Nf7 14.Qc2 Nc5 15.b4 Na6
16.a3 f5 17.Rac1 Bd7 18.Bd3 Qf6 19.Bb5 Bc8 20.Qa4 Qe7 21.Bxa6 bxa6 22.Rfe1 f4
23.Qc6 Bg4 24.Qxa6 Bxf3 25.gxf3 Qh4 26.Kf1 g5 27.Ke2 g4 28.fxg4 Qxg4+ 29.Kd3 Qf3+
30.Kc2 Qxf2 31.Qe2 Qxe2 32.Nxe2 Ng5 33.Ng1 h6 34.h4 Nh7 35.Nf3 Nf6 36.Kd3 Ng4
37.Rc6 Rad8 38.b5 Rf7 39.a4 Bf8 40.Rg1 Rg7 41.Rg2 Rdd7 42.Be1 Rb7 43.Rc8 Kf7
44.Ng5+ hxg5 45.Rxg4 Be7 46.hxg5 Rg8 47.g6+ Kg7 48.Rxg8+ Kxg8 49.Bh4 Kg7
50.Bxe7 Rxe7 51.Rg2 Rb7 52.Rc2 Kxg6 53.Rc6 Rd7 54.a5 Kg5 55.b6 axb6 56.axb6 f3
57.Rc7 f2 58.Ke2 Rd8 59.Kxf2 Rb8 60.Rc6 Kf4 61.Rxd6 Kxe4 62.Kg3 Kd4 63.Kf3 e4+
64.Ke2  1/2-1/2

[Event "Porz"]
[Site "Porz"]
[Date "1988.??.??"]
[Round "?"]
[White "Jackelen, Thomas"]
[Black "Schulz, Klaus Juergen"]
[Result "1/2-1/2"]
[WhiteElo "2325"]
[BlackElo "2360"]

1.Nf3 Nf6 2.c4 g6 3.Nc3 Bg7 4.e4 d6 5.d4 O-O 6.Be2 Nbd7 7.O-O e5 8.Be3 c6
9.d5 c5 10.Ne1 Ne8 11.Nd3 f5 12.f4 Qe7 13.exf5 gxf5 14.Qd2 b6 15.Rae1 Ndf6
16.Bd1 e4 17.Nf2 Nc7 18.a3 Bd7 19.b4 Qf7 20.Bb3 Kh8 21.Kh1 Rae8 22.Rb1 Qg6
23.a4 Ng4 24.Nxg4 fxg4 25.bxc5 bxc5 26.Bc2 Bc8 27.Nb5 Nxb5 28.axb5 g3 29.hxg3 Qxg3
30.Qf2 Qg6 31.Bd1 Bg4 32.Qh4 Bxd1 33.Rbxd1 Bf6 34.Qh3 Rg8 35.Rf2 Re7 36.Kg1 Reg7
37.Kf1 Qf7 38.Qf5 Rg3 39.Re1 Qg7 40.Qxe4 Bc3 41.Rc1 Qg4 42.Ra2 Rxe3 43.Qxe3 Bd4
44.Qf3 Qxf3+ 45.gxf3 Rg1+ 46.Ke2 Rg2+ 47.Kd3 Rxa2 48.Ke4 Kg7 49.Kf5 Rf2 50.Ke6 Rxf3
51.Kxd6 Rxf4 52.Kc6 h5 53.d6 h4 54.d7 Rf8 55.Re1 h3 56.Rh1 Rh8 57.Rxh3 Rb8
58.Ra3 Kf6 59.Rxa7 Ke7 60.Ra2 Rh8 61.Kc7 Be5+ 62.Kc6 Bd4 63.Kc7 Be5+  1/2-1/2

[Event "DDR-FRG"]
[Site "Potsdam"]
[Date "1988.??.??"]
[Round "?"]
[White "Hertneck, Gerald"]
[Black "Vogt, Lothar"]
[Result "1-0"]
[WhiteElo "2435"]
[BlackElo "2485"]

1.d4 Nf6 2.c4 g6 3.Nc3 Bg7 4.e4 d6 5.Be2 O-O 6.Nf3 e5 7.O-O Nbd7 8.Qc2 c6
9.Rd1 Qe7 10.b3 exd4 11.Nxd4 Nc5 12.f3 a5 13.Bf1 Nfd7 14.Rb1 Ne5 15.a3 Rd8
16.Bb2 h5 17.b4 axb4 18.axb4 Ne6 19.Na4 Qc7 20.Kh1 Bd7 21.c5 Nxd4 22.Bxd4 Be6
23.Be3 f6 24.cxd6 Rxd6 25.Bb6 Qb8 26.b5 Bf7 27.bxc6 Rxc6 28.Qf2 Kh7 29.Bb5 Rd6
30.Bd4 Qd8 31.Nc3 Qa5 32.Bf1 Bc4 33.Bxc4 Nxc4 34.Nd5 b5 35.Bc3 Qa2 36.Qc5 Rb8
37.Bxf6 Rxd5 38.exd5 Bxf6 39.Qc7+ Bg7 40.Qxb8 Ne3 41.Rg1 Nxg2 42.Qg3  1-0

[Event "Bohemians"]
[Site "Prague"]
[Date "1988.??.??"]
[Round "?"]
[White "Huss, Andreas"]
[Black "Vokac, Marek"]
[Result "0-1"]
[WhiteElo "2390"]
[BlackElo "2410"]

1.d4 Nf6 2.Nf3 g6 3.c4 Bg7 4.Nc3 O-O 5.e4 d6 6.Be2 e5 7.d5 a5 8.O-O Na6 9.Ne1 Nc5
10.f3 Nh5 11.g3 b6 12.Nd3 Bd7 13.Rf2 Qe7 14.Bd2 Kh8 15.Qc2 Nf6 16.Re1 Ng8
17.Qc1 f5 18.Nxc5 bxc5 19.Bd3 Qf7 20.Nb5 fxe4 21.Bxe4 Bxb5 22.cxb5 a4 23.Qc4 Nf6
24.b4 axb3 25.Qxb3 Rfb8 26.Rb1 Rf8 27.Rff1 Qd7 28.a4 Qh3 29.a5 Bh6 30.Bxh6 Qxh6
31.Qc3 Qh3 32.Qd2 Rab8 33.Qe2 Kg7 34.b6 cxb6 35.Rxb6 Rxb6 36.axb6 Rb8 37.Qa6 Qd7
38.Rb1 Qb7 39.Qb5 Kf7 40.Qc6 Ke7 41.h4 Nd7 42.h5 Nxb6 43.hxg6 hxg6 44.Qxb7+ Rxb7
45.Bxg6 Kf6 46.Be4 Rb8 47.Kf2 Nd7 48.Rxb8 Nxb8 49.Ke3 Kg5 50.Kd3 Nd7 51.Kc4 Nf6
52.Bc2 Nh5 53.g4 Nf6 54.Bf5 Kf4 55.Be6 Nh7 56.Kb5 Kg5 57.Kc6 c4 58.Kxd6 c3  0-1

[Event "Prague Mladi-A"]
[Site "Prague"]
[Date "1988.??.??"]
[Round "7"]
[White "Gavrikov, Viktor"]
[Black "Werner, Dimo"]
[Result "1-0"]
[WhiteElo "2545"]
[BlackElo "2370"]

1.Nf3 Nf6 2.c4 g6 3.Nc3 Bg7 4.e4 d6 5.d4 O-O 6.Be2 Nbd7 7.O-O e5 8.Qc2 c6
9.Be3 Qc7 10.Rad1 Re8 11.d5 c5 12.Rb1 Rf8 13.Nd2 Kh8 14.Bg5 Rg8 15.a3 Rb8
16.b4 Ne8 17.Bg4 b6 18.a4 h6 19.Be3 cxb4 20.Rxb4 f5 21.exf5 Ndf6 22.Bh3 gxf5
23.f4 e4 24.a5 bxa5 25.Ra4  1-0

[Event "Prague Mladi-A"]
[Site "Prague"]
[Date "1988.??.??"]
[Round "9"]
[White "Gavrikov, Viktor"]
[Black "Gerber, Richard"]
[Result "1/2-1/2"]
[WhiteElo "2545"]
[BlackElo "2370"]

1.Nf3 Nf6 2.c4 g6 3.Nc3 Bg7 4.e4 O-O 5.d4 d6 6.Be2 Nbd7 7.O-O e5 8.Be3 h6
9.d5 Nh7 10.Nd2 f5 11.exf5 gxf5 12.f4 exf4 13.Bxf4 Ne5 14.Qc2 Bd7 15.Kh1 a6
16.Nb3 Qf6 17.Rae1 Rae8 18.c5 Ng6 19.Bd2 Qh4 20.g3 Qh3 21.cxd6 cxd6 22.Bf4 Ne5
23.Na5 Bc8 24.Nd1 Ng4 25.Bd3 Ng5 26.Qg2 Qxg2+ 27.Kxg2 Ne5 28.Be2 b6 29.Nc4 Nxc4
30.Bxc4 b5 31.Bb3 Nf7 32.a4 Ne5 33.axb5 axb5 34.Re3 Bd7 35.h3 Rc8 36.Rf2 Rc5
37.Rd2 b4 38.Nf2 Rb5  1/2-1/2

[Event "ROM-ch"]
[Site "Predeal"]
[Date "1988.??.??"]
[Round "13"]
[White "Dumitrache, Dragos"]
[Black "Takacs, B."]
[Result "1/2-1/2"]
[WhiteElo "2405"]
[BlackElo "2365"]

1.d4 Nf6 2.c4 g6 3.Nc3 Bg7 4.e4 d6 5.Be2 O-O 6.Nf3 e5 7.O-O Nbd7 8.Qc2 c6
9.Rd1 Qe7 10.b4 exd4 11.Nxd4 Re8 12.f3 Nh5 13.Bf1 Nf8 14.Rb1 Ne6 15.Nxe6 Bxe6
16.Be3 Be5  1/2-1/2

[Event "URS-ch sf"]
[Site "Riga"]
[Date "1988.??.??"]
[Round "?"]
[White "Chekhov, Valery A"]
[Black "Yurtaev, Leonid"]
[Result "1/2-1/2"]
[WhiteElo "2480"]
[BlackElo "2475"]

1.Nf3 Nf6 2.c4 g6 3.Nc3 Bg7 4.e4 d6 5.d4 O-O 6.Be2 e5 7.O-O Na6 8.Be3 Ng4
9.Bg5 Qe8 10.h3 h6 11.Bh4 Nf6 12.dxe5 dxe5 13.Nd2 c6 14.Bg3 Nh7 15.a3 Nc5
16.b4 Ne6 17.c5 Qe7 18.Nc4 Rd8 19.Qb1 Nf4 20.Rd1 Be6 21.Qc2 h5 22.Rxd8+ Rxd8
23.Rd1 h4 24.Rxd8+ Qxd8 25.Bxf4 exf4 26.Nb1 Ng5 27.Nbd2 Qd4 28.Qd3 Qa1+ 29.Bf1 Kh7
30.Nd6 b5 31.cxb6 axb6 32.b5 c5 33.N6c4 f3 34.Nxf3 Nxf3+ 35.gxf3 Bxh3 36.f4 Bxf1
37.Qxf1 Qf6 38.f5 gxf5 39.exf5 Qxf5 40.Ne3 Qg5+ 41.Kh1 Bd4 42.a4 Bxe3 43.fxe3 Qd5+
44.Kh2 c4 45.Qf6 Qd2+ 46.Kh3 Qxe3+ 47.Kxh4 Kg8 48.a5 Qe4+ 49.Kg3 Qd3+ 50.Qf3 Qd6+
51.Qf4 Qa3+ 52.Kg4 Qxa5 53.Qg5+ Kf8 54.Qd8+  1/2-1/2

[Event "URS-ch sf"]
[Site "Riga"]
[Date "1988.??.??"]
[Round "?"]
[White "Moskalenko, Viktor"]
[Black "Chekhov, Valery A"]
[Result "1/2-1/2"]
[WhiteElo "2475"]
[BlackElo "2480"]

1.d4 d6 2.Nf3 Nf6 3.c4 g6 4.Nc3 Bg7 5.e4 O-O 6.Be2 e5 7.O-O Na6 8.Re1 exd4
9.Nxd4 Re8 10.Bf3 Nc5 11.Rb1 Ng4 12.Bxg4 Bxg4 13.f3 Bd7 14.b4 Ne6 15.Be3 Be5
16.Qd2 Nxd4 17.Bxd4 Be6 18.f4 Bf6 19.Rbc1 Bxd4+ 20.Qxd4 c5 21.bxc5 dxc5 22.Qf2 Bxc4
23.e5 f5 24.Red1 Qe7 25.Ne4 fxe4 26.Rxc4 Rad8 27.Rxd8 Rxd8 28.h3 Rd5 29.Rxe4 Qe6
30.Re1 h5 31.Qf3 c4 32.a4 Kg7 33.Qe4 Rd7 34.Kh2 c3 35.Re2 Rc7 36.Rc2 Qf5
37.Qxf5 gxf5 38.g4 fxg4 39.hxg4 hxg4 40.Kg3 Kg6 41.Kxg4 Rc4 42.a5 b5 43.axb6 axb6
44.Kf3 b5 45.Ke3 b4 46.Kd3 Rxf4 47.Re2 Kf7 48.Kc2 Rc4 49.e6+ Ke7 50.Kb3 Rc6
51.Rc2 Rb6 52.Rh2 Rb8 53.Re2 Rb7 54.Re1 Kd6 55.Re2 Rc7 56.Re1 Rb7 57.Re2 Ke7
58.Re1 Rb5 59.Re2 Rb6 60.Rh2 Rc6 61.Rc2  1/2-1/2

[Event "URS-ch sf"]
[Site "Riga"]
[Date "1988.??.??"]
[Round "?"]
[White "Levin, Felix"]
[Black "Timoshchenko, Gennadi A"]
[Result "1/2-1/2"]
[WhiteElo "2320"]
[BlackElo "2455"]

1.d4 Nf6 2.c4 g6 3.Nc3 Bg7 4.e4 d6 5.Nf3 O-O 6.Be2 e5 7.d5 a5 8.Bg5 h6 9.Bh4 Na6
10.Nd2 Qe8 11.a3 Bd7 12.b3 Nh7 13.O-O h5 14.f3 Bh6 15.Kh1 Be3 16.Bf2 Bxf2
17.Rxf2 f5 18.exf5 gxf5 19.f4 Nf6 20.h3 Qg6 21.Rb1 Nc5 22.Qc2 Kf7 23.Rff1 Ke7  1/2-1/2

[Event "URS-ch sf"]
[Site "Riga"]
[Date "1988.??.??"]
[Round "?"]
[White "Naumkin, Igor"]
[Black "Yurtaev, Leonid"]
[Result "0-1"]
[WhiteElo "2440"]
[BlackElo "2485"]

1.d4 Nf6 2.c4 g6 3.Nc3 Bg7 4.e4 d6 5.Nf3 O-O 6.Be2 e5 7.d5 Na6 8.O-O Nc5
9.Qc2 a5 10.Bg5 h6 11.Be3 Nh5 12.g3 Bh3 13.Rfe1 f5 14.exf5 Bxf5 15.Qd2 g5
16.Nxg5 Nf4 17.gxf4 exf4 18.Bxf4 hxg5 19.Bxg5 Qe8 20.h4 a4 21.Bf3 Be5 22.Bg2 Qg6
23.f4 Bh8 24.Kh2 a3 25.b3 Nd3 26.Re3 Rae8 27.Rg3 Kh7 28.Rd1 Bxc3 29.Qxc3 Nf2
30.Rf1 Ng4+ 31.Kg1 Re2 32.h5 Qf7 33.h6 Rfe8 34.Qd4 Ne3 35.Bh4 Kxh6 36.Rff3 Rxg2+
37.Rxg2 Nxg2 38.Bg5+ Kh7 39.Qf2 Ne1 40.Qh4+ Kg8 41.Rg3 Qg6  0-1